000 00695nam a2200205Ia 4500
003 GCL
008 140319s9999 xx 000 0 ara d
040 _aGCL /
_cGCL
082 0 4 _a892.003
_bم ت
100 1 _aمراد كامل
245 1 0 _aتاريخ الادب السريانى من منشأته الى العصر الحاضر /
_cمراد كامل
700 1 _aمحمد حمدى البكرى
700 1 _aزاكيه محمد رشدى
260 _aالقاهرة :
_bدار الثقافة للنشر والتوزيع ،
_c1987
300 _aمتعدد ؛
_c28 سم
490 _a
650 0 4 _aالادب السامى
650 0 4 _aالادب السريانى
942 _2ddc
_cBK
999 _c41625
_d41625